000 00365nab a22001097u 4500
008 130520b1985 xxu||||| |||| 00| 0 spa d
041 _aspa
100 1 _aLligadas Vendrell, Josep
_939253
245 0 0 _aLa doctrina sobre la bendición en el nuevo ritual romano
_cJosep Lligadas Vendrell
773 0 _tConcilium
_gV.1,1985,págs.275-285
_x0210-1041
_wRev134
942 _cAR
999 _c355150
_d355150